000 00434cam a2200181ua 4500
020 _c8.40
041 _aeng
_h
082 _a822
_bTUR/TH
100 _aTurgenev, Ivan.
245 _aThree famous plays /
_cIvan Turgenev.
_hTextual Documents
250 _a1 /
_b.
260 _aLondon :
_bGerald Duckworth and Co. Ltd. ,
_c1951.
300 _a235 ; .
365 _a8.40
504 _a
942 _cBK
999 _c7634
_d7634